000 00447 a2200157 4500
005 20250416123144.0
020 _a978-0-07-281836-9
082 _a657.42 BLO
100 _aBLOCHER, E. J.
245 _aCost Management : A Strategic Emphasis.
250 _a3rd Ed.
260 _aNew York,
_bMacgraw- Hill Irwin,
_c2005.
300 _axxiii, 930p.: Ill.;figures
_bIndex
_c27cm.
700 _aCHEN, K. H. COKINS, G. & LIN, T. W.
942 _2ddc
_cBKS
999 _c1520
_d1520